01033nab a2200277 uc450000100070000000500170000700800410002403500110006503500210007604000130009704100080011010000390011824501490015765000280030665000430033465000230037765000190040065000340041970000430045370000390049670000370053570000430057277301110061594200100072699900190073654480520251218100846.0990906e19990601 eng  a544805 a(OCoLC)819808542 ccomduadb aeng10aCecere, Maria C.4auteaut950837210aTrypanosoma cruzi infection in triatoma infestans and other triatomines: long-term effects of a control program in rural northwestern Argentina. aTrypanosoma cruzi99910 7aEnfermedades transmisibles2dcs944424 aFumigación93996 aVectores96930 aPrevención y control92099910aCastanera, Monica B.4auteaut949949310aCanale, Delmi M.4auteaut929681510aChuit, Roberto4auteaut929681610aGurltler, Ricardo E.4auteaut94994940 tRevista Panamericana de Salud PúblicagVol. 05, No. 06, Jun. 1999, p. 392-399w334202x1020-49890113464 cARIMP c135762d135762